Pathways to Participation. (Record no. 4128)

MARC details
000 -LEADER
fixed length control field 00347nam a22001337a 4500
008 - FIXED-LENGTH DATA ELEMENTS--GENERAL INFORMATION
fixed length control field 250704b |||||||| |||| 00| 0 eng d
020 ## - INTERNATIONAL STANDARD BOOK NUMBER
ISBN 0852270720
100 ## - MAIN ENTRY--AUTHOR
Author HEBDEN E. John
245 ## - TITLE STATEMENT
Title Pathways to Participation.
260 ## - PUBLICATION, DISTRIBUTION, ETC. (IMPRINT)
Place of publication London
Name of publisher Associated Business Programmes Ltd.
Date of publication 1977
300 ## - COLLATION
Pagination ii, 267p.
942 ## - ADDED ENTRY ELEMENTS (KOHA)
Item type Books
050 ## - LIBRARY OF CONGRESS CALL NUMBER
Classification number HD5650
Item number .H43
Holdings
Source of classification or shelving scheme Not for loan Permanent location Current location Date acquired Accession No. Full call number Barcode. Koha item type
Library of Congress Classification   Samuel Ogbemudia Main Library, University of Abuja Samuel Ogbemudia Main Library, University of Abuja 07/04/2025 93/012741 HD5650.H43 2025-2864 Books